1295 1925 1765 1886 1637 1895 1725 1043 1306 1508 1644 1918 1871 1471 1734 1482 1697 1227 1774 1657 1005 1333 1036 1021 1153 1207 1301 1408 1689 1491 1122 1452 1380 1280 1793 1564 1489 1529 1273 1868 1079 1222 1199 1553 1509 1310 1017 1451 1441 1551 1669 1033 1011 1682 1113 1710 1623 1574 1563 1711 1171 1704 1784 1587 1887 1459 1252 1712 1054 1548 1943 1361 1190 1388 1062 1826 1120 1423 1685 1128 1147 1125 1080 1663 1230 1303 1468 1739 1599 1412 1225 1895 1767 1249 1326 1022 1966 1873 1986 BCNSPRNW ULIB Ver.6.0+V

เปลี่ยนเป็นภาษาไทย

Change to English
 แสดงรายละเอียดบรรณานุกรม
  กลับหน้าหลัก

Brief Record : Get Marc (ISO 2709) : E-mail record : QR code < ปิดหน้าต่าง
LEADER : 00000nam 2200000uu 4500
001    13399113614
003     ULIB
008    111124s2552||||th 000 0 tha d
020    ^a9786115000210
090    ^aนว.^bณ410ฟ 2552
100 0  ^aณารา
245 00 ^aไฟรัก...เกมร้อน/^cณารา
250    ^aพิมพ์ครั้งที่ 1
260    ^aกรุงเทพฯ :^bพิมพ์คำ,^c2552
300    ^a402 หน้า
710 1  ^aพิมพ์คำ
945    ^p250^l0^i16307
995    ^aกัณชพร
999    ^aใช้งานได้ทุกระบบ
รายการนี้ยังไม่มีแท็ก
คุณยังไม่ได้ล็อกอิน คุณสามารถมีกิจกรรมร่วมกับเว็บไซต์ได้ แต่ต้องล็อกอินก่อน ::
  ล็อกอิน

รายการสื่อสารสนเทศ

ลำดับที่ ประเภท เลขเรียก/บาร์โค้ด สถานที่ สถานะ
1. นวนิยาย
นวนิยาย
นว. ณ410ฟ 2552 ฉ.1 
  Barcode: 16307
ห้องสมุดวิทยาเขตสวรรค์ประชารักษ์
►นวนิยาย
บนชั้น
  ขอยืม

รายการใกล้เคียง
    ผู้แต่ง [ณารา]

BibComment


ยังไม่เคยถูกคอมเมนท์

คอมเมนท์ทรัพยากรรายการนี้
  คอมเมนท์: ไฟรักเกมร้อน ณารา


 Copyright 2026. Bcnsprnw @Library